书目信息 |
| 题名: |
旅游风光摄影
|
|
| 作者: | 卢平 , 一苇 著 | |
| 分册: | ||
| 出版信息: | 广州 广东旅游出版社 2000.07 |
|
| 页数: | 92页 | |
| 开本: | 24开 | |
| 丛书名: | 旅游摄影丛书 | |
| 单 册: | ||
| 中图分类: | J414 | |
| 科图分类: | ||
| 主题词: | 摄影技术--普及读物 , 摄影艺术--各种 | |
| 电子资源: | ||
| ISBN: | 7-80653-086-X | |
| 000 | 00671nam0 2200241 45 | |
| 001 | 0103201407 | |
| 005 | 20031219104049.0 | |
| 010 | @a7-80653-086-X@dCNY28.00 | |
| 100 | @a20010320d2000 km y0chiy0120 ea | |
| 101 | 0 | @achi |
| 105 | @a z 000yy | |
| 200 | 1 | @a旅游风光摄影@ALu You Feng Guang She Ying@f卢平,一苇著@FLu Ping,Yi Wei Zhu |
| 210 | @a广州@c广东旅游出版社@d2000.07 | |
| 215 | @a92页@c彩图@d24开 | |
| 225 | @a旅游摄影丛书 | |
| 410 | @12001 @a旅游摄影丛书 | |
| 606 | 0 | @a摄影技术@x普及读物 |
| 606 | 0 | @a摄影艺术@x各种 |
| 690 | @aJ414@v1 | |
| 701 | 0 | @a卢平@4著 |
| 701 | 0 | @a一苇@4著 |
| 801 | @aCN@bTSTC@c20010320 | |
| 905 | @b295726-730@dJ414@e120@f5 | |
| 旅游风光摄影/卢平,一苇著.-广州:广东旅游出版社,2000.07 |
| 92页:彩图;24开.-(旅游摄影丛书) |
| ISBN 7-80653-086-X:CNY28.00 |
| ● |
| 相关链接 |
|
|
|
|
正题名:旅游风光摄影
索取号:J414/120
 
预约/预借
| 序号 | 登录号 | 条形码 | 馆藏地/架位号 | 状态 | 备注 |
| 1 | 0295726 | 002957269 | 第一借阅区/ [索取号:J414/120] | 在馆 | |
| 2 | 0295727 | 002957278 | 第一借阅区/ [索取号:J414/120] |
已借出,限还日期为2004.10.18 借出人:祁荣秋 |
|
| 3 | 0295728 | 002957287 | 第一借阅区/ [索取号:J414/120] | 在馆 | |
| 4 | 0295729 | 002957296 | 第一借阅区/ [索取号:J414/120] | 在馆 | |
| 5 | 0295730 | 002957303 | 第一样本阅览室/ [索取号:J414/120] | 在馆 |